| 000 | 00833cam a2200229 a 4500 | ||
|---|---|---|---|
| 003 | OSt | ||
| 005 | 20160510121449.0 | ||
| 008 | 960319s1996 paua 001 0 eng | ||
| 020 | _a0875962963 (hardcover : acidfree paper) | ||
| 040 | _aSEKU | ||
| 050 | 0 | 0 |
_aTX 158 _b.P7 |
| 100 | 1 | _aProulx, Earl. | |
| 245 | 1 | 0 |
_aYankee magazine's make it last : _bover 1,000 ingenious ways to extend the life of everything you own / _cby Earl Proulx and the editors of Yankee magazine. |
| 246 | 3 | 0 | _aMake it last |
| 260 |
_a[Emmaus, PA] : _bYankee Books ; _a[New York] : _bDistributed to the book trade by St. Martin's Press, _c1996. |
||
| 300 |
_avi, 394 p. : _bill. ; _c24 cm. |
||
| 500 | _aIncludes index. | ||
| 650 | 0 | _aHome economics. | |
| 650 | 0 |
_aDwellings _xMaintenance and repair. |
|
| 730 | 0 | _aYankee (Dublin, N.H.) | |
| 942 |
_2lcc _cGEN |
||
| 999 |
_c13596 _d13596 |
||